000 00523nam a2200181Ia 4500
008 240925s9999 xx 000 0 und d
020 _a471599603
082 _a006.602462 ANA
100 _aAnand , Vera . B
245 0 _aComputer graphics and geometric modeling for engineers
250 _aNA
260 _aNew York:
_bJohn Wiley & Sons
_c,1993.
300 _axxxvii,778p.
_bNA
_fNA
500 _aIncludes Index
600 _aComputer Science
650 _aComputer science, information & general works
942 _cBK
999 _c2712
_d2712